The Soviet Union today / (Record no. 4066)

000 -LEADER
fixed length control field nam a22 a 4500
005 - DATE AND TIME OF LATEST TRANSACTION
control field 20170525090622.0
008 - FIXED-LENGTH DATA ELEMENTS--GENERAL INFORMATION
fixed length control field 170525b1983 ilu||||| |||| 00| 0 eng d
020 ## - INTERNATIONAL STANDARD BOOK NUMBER
International Standard Book Number 0941682064
040 ## - CATALOGING SOURCE
Original cataloging agency AKMAL
082 ## - DEWEY DECIMAL CLASSIFICATION NUMBER
Classification number 911 CRA
090 ## - LOCALLY ASSIGNED LC-TYPE CALL NUMBER (OCLC); LOCAL CALL NUMBER (RLIN)
Classification number (OCLC) (R) ; Classification number, CALL (RLIN) (NR) 911
Local cutter number (OCLC) ; Book number/undivided call number, CALL (RLIN) CRA
245 ## - TITLE STATEMENT
Title The Soviet Union today /
Statement of responsibility, etc. edited by James Cracraft
260 ## - PUBLICATION, DISTRIBUTION, ETC.
Place of publication, distribution, etc. Chicago, Ill.
Name of publisher, distributor, etc. Educational Foundation for Nuclear Science
-- Distributed by the University of Chicago Press
Date of publication, distribution, etc. c1983.
300 ## - PHYSICAL DESCRIPTION
Extent ix, 348 p.
Other physical details ill.
Dimensions 23cm
500 ## - GENERAL NOTE
General note "Originated in a series of articles on the Soviet Union published in the Bulletin of the atomic scientists between January 1982 and the fall of 1983"--P. viii-ix.
500 ## - GENERAL NOTE
General note Includes index.
504 ## - BIBLIOGRAPHY, ETC. NOTE
Bibliography, etc. note Bibliography: p. 331-337.
651 ## - SUBJECT ADDED ENTRY--GEOGRAPHIC NAME
Geographic name Soviet Union.
9 (RLIN) 7948
700 ## - ADDED ENTRY--PERSONAL NAME
Personal name Cracraft, James.
9 (RLIN) 7949
710 ## - ADDED ENTRY--CORPORATE NAME
Corporate name or jurisdiction name as entry element Educational Foundation for Nuclear Science (Chicago, Ill.)
9 (RLIN) 7950
942 ## - ADDED ENTRY ELEMENTS (KOHA)
Source of classification or shelving scheme
Koha item type Book
Holdings
Withdrawn status Lost status Source of classification or shelving scheme Damaged status Not for loan Collection code Home library Current library Shelving location Date acquired Inventory number Total Checkouts Full call number Barcode Date last seen Price effective from Koha item type
          NON-FICTION AKMAL Melaka AKMAL Melaka PINJAMAN 25.05.2017 900230   911 CRA 201705333 25.05.2017 25.05.2017 Book
Pusat Sumber Maklumat Dato' Haji Sarmin Md Hussin, Akademi Kastam Diraja Malaysia, Melaka
Tel: 06-2331106 | Faks: 06-2313787